Normal view
MARC view
Entry Corporate Name
001 - CONTROL NUMBER
- control field: 7982
003 - CONTROL NUMBER IDENTIFIER
- control field: BD-RjUL
005 - DATE AND TIME OF LATEST TRANSACTION
- control field: 20230711142810.0
008 - FIXED-LENGTH DATA ELEMENTS
- fixed length control field: 230711|| aca||aabn | a|a d
040 ## - CATALOGING SOURCE
- Original cataloging agency: BD-RjUL
- Transcribing agency: BD-RjUL
110 ## - HEADING--CORPORATE NAME
- Corporate name or jurisdiction name as entry element: বাংলাদেশ প্রেস ইনস্টিটিউট
670 ## - SOURCE DATA FOUND
- Source citation: Work cat.: (BD-RjUL)81560: পেশাদার সাংবাদিকরা : , ২০১৭